| 000 | 00544cam a22002171 4500 | ||
|---|---|---|---|
| 001 | sa 64008068 | ||
| 003 | DLC | ||
| 005 | 20260227112052.0 | ||
| 008 | 890926s1963 xx 000 0 ben | ||
| 010 | _asa 64008068 | ||
| 035 | _a(OCoLC)23571022 | ||
| 040 |
_aDLC _cMiU _dDLC |
||
| 042 | _apremarc | ||
| 050 | 0 | 0 |
_aBL1175.V5 _bG8 |
| 100 | 1 | _aGupta, Pradyot. | |
| 245 | 1 | 0 | _aSvāmī Bibekānanda. |
| 260 | _c[1963?] | ||
| 300 |
_a104 (i. e. 112) p. _bport. _c22 cm. |
||
| 500 | _aIn Bengali. | ||
| 600 | 0 | 0 |
_aVivekananda, _cSwami, _d1863-1902. |
| 999 |
_c60668 _d60668 |
||